Culture Générale - Série 2215 - Statistiques

Statistiques générales
  • Ce quiz a été pris 160 fois
  • Le résultat moyen est 5 sur 10
Statistiques - réponses
Question Réponse % Correct
Dans quelle ville peut-on visiter la basilique Sagrada Familia ? Barcelone
99%
Dans quel pays se trouve l'Aconcagua, point culminant de la cordillère des Andes ? Argentine
83%
Quel pays sera l’hôte de la Coupe du monde de football en 2022 ? Qatar
76%
Quel animal est le cœlacanthe ? poisson
53%
De quel arbre extrait-on le latex ? hévéa
51%
Dans quel pays se trouve le monastère bouddhiste du mont Popa ? Myanmar
42%
Quelle est la sainte patronne de Paris ? Geneviève
33%
Dans quel pays peut-on admirer le pogost de Kiji ? voir photo Russie
32%
Quel sommet d’Alaska, la plus haute cime en Amérique du Nord, portait autrefois le nom de mont McKinley ? Denali
24%
Quelle est la plus longue rue de Paris (4 360 m ) ? Vaugirard
22%
Aucun quiz correspondant
Distribution des résultats
% des personnes avec chaque résultat
Percentile par nombre de réponses
Votre historique - résultats
Vous n’avez pas pris ce quiz